000 00451nam a2200193Ia 4500
005 20240823015701.0
008 240823s9999||||xx |||||||||||||| ||und||
020 _a81-7992-346-0
041 _aENGLISH
082 _A158 P5
100 _aRavindra Singh
245 0 _aSuccess is Yours......Go For It
250 _a1st
260 _c2005
_b"Jaico Pub,M"
_aMumbai
500 _aYES
650 _aSuccess
_bGeneral
942 _cBK
999 _c172994
_d172994